| 000 | 01237cam a2200301 4500 | ||
|---|---|---|---|
| 008 | 030901n2002 000 0 eng u | ||
| 020 | _a0415250501 | ||
| 035 | _a(Sirsi) u123438 | ||
| 041 | _aeng | ||
| 050 |
_a720.9 _c18 |
||
| 100 | _aArnold, Dana | ||
| 245 | _aReading architectural history | ||
| 260 |
_aLondon _bRoutledge _c2002 |
||
| 300 |
_axvii, 229p. _bill. _c25cm. |
||
| 350 | _a21 | ||
| 505 | _aReading the past: what is architectural history? | ||
| 505 | _aThe authority of the author: biography and the reconstruction of the canon | ||
| 505 | _aOn classical ground: histories of style | ||
| 505 | _aA class performance: social histories of architecture | ||
| 505 | _aThe illusion of inclusion: the guidebook and historic architecture | ||
| 505 | _aReading architectural herstories: the discourses of gender | ||
| 520 | _aA selection of essays and texts examining the historiographic and socio/cultural implications of the mapping of British architectural history, with particular reference to 18th and 19th century Britain. Bibliography. | ||
| 650 | _aARCHITECTURAL HISTORY | ||
| 650 | _aARCHITECTURE | ||
| 650 | _aHISTORIC BUILDINGS | ||
| 690 | _aBUILT ENVIRONMENT-CONSTRUCTION DESIGN | ||
| 942 | _n0 | ||
| 999 |
_c103043 _d103043 |
||